000 00765nam a2200253Ia 4500
003 OSt
005 20221005023415.0
006 a|||||r|||| 00| 0
007 ta
008 221004b |||||||| |||| 00| 0 ara d
020 _a9953429766 (hbk)
_c4320
024 _a114472
037 _b311, 27/01/2010, Nadwi Publications
_cTextual
040 _aCRL
_cCRL
_bara
041 _2ara
_aara
082 _aV46,1w, 28P6
100 _aSalabi Ali Mohammad Au.
_9174139
245 0 _aAl sirat al-nabi
260 _aBeirut
_bDarul maurifah Lebanon
_c2006
300 _a933p.
_ccm.
650 _aARAB - HISTORY
_929528
942 _hV46,1w, 28P6
_cTEXL
_2cc
999 _c931181
_d931181